Every Win-less NFL Season. - Statistics

General Stats
  • This quiz has been taken 14 times
  • The average score is 6 of 12
Answer Stats
Hint Answer % Correct
0-11 1942 Detroit Lions
100%
0-16 2008 Detroit Lions
100%
0-16 2017 Cleveland Browns
100%
0-8 1934 Cincinnati Reds
83%
0-10 1943 Chicago Cardinals
75%
0-14 1976 Tampa Bay Buccaneers
58%
0-8-1 1982 Baltimore Colts
50%
0-11-1 1960 Dallas Cowboys
33%
0-8 1922 Columbus Panhandles
8%
0-9 1925 Columbus Tigers
8%
0-10 1944 Brooklyn Tigers
8%
0-10 1944 Card-Pitt
8%
No matching quizzes found
Score Distribution
Percent of People with Each Score
Percentile by Number Answered
Your Score History
You have not taken this quiz